<?xml version="1.0" encoding="UTF-8"?>
<collection xmlns="http://www.loc.gov/MARC21/slim">
<record>
  <controlfield tag="001">3331</controlfield>
  <controlfield tag="005">20180105073429.0</controlfield>
  <datafield tag="037" ind1=" " ind2=" ">
    <subfield code="a">POSTER-2018-0002</subfield>
  </datafield>
  <datafield tag="100" ind1=" " ind2=" ">
    <subfield code="a">Van Camp, M.</subfield>
  </datafield>
  <datafield tag="245" ind1=" " ind2=" ">
    <subfield code="a">The Belgian seismic and accelerometric networks</subfield>
  </datafield>
  <datafield tag="260" ind1=" " ind2=" ">
    <subfield code="c">2017</subfield>
  </datafield>
  <datafield tag="269" ind1=" " ind2=" ">
    <subfield code="c">2017-10-26</subfield>
  </datafield>
  <datafield tag="520" ind1=" " ind2=" ">
    <subfield code="a">We present the Belgian seismic (31 stations, of which 9 boreholes) and accelerometric networks. The accelerometric network is composed of 18 ETNA-Episensors, and of 64 low-cost sensors all over the Belgian territory (“AcceleROB”). AcceleROB aims at measuring the ground motion whenever an earthquake of magnitude larger than 3.0 would occur. The project has been launched publicly in 2015 and, in 2017, 72 AcceleROBs are installed at private voluntary hosts. Data from all stations flow in real time towards the ROB where it is processed and archived. A web portal has been created so hosts can visualize the recordings done in their home in near-real time. The seismic stations provide data continuously through Internet (ADSL or LTE). The ETNA stations still use analog modem connections, providing an independent way to download data (triggered-based system). Stations available in realtime at Orfeus: •	BE.UCC – Uccle Borehole (Guralp) – Dead •	BE.BOST – Oostende Borehole (Guralp) – Dead •	BE.BEBN – Eben-Emael •	BE.RCHB – Rochefort Cave •	BE.MEM – Membach Archived at IRIS: •	BE.MEM •	BE.UCC •	SG.MEMB •	SG.RCHS</subfield>
  </datafield>
  <datafield tag="594" ind1=" " ind2=" ">
    <subfield code="a">NO</subfield>
  </datafield>
  <datafield tag="653" ind1="1" ind2=" ">
    <subfield code="a">Belgian seismic network</subfield>
  </datafield>
  <datafield tag="653" ind1="1" ind2=" ">
    <subfield code="a">Belgian accelerometric network</subfield>
  </datafield>
  <datafield tag="700" ind1=" " ind2=" ">
    <subfield code="a">Lecocq, T.</subfield>
  </datafield>
  <datafield tag="700" ind1=" " ind2=" ">
    <subfield code="a">Camelbeeck, T.</subfield>
  </datafield>
  <datafield tag="700" ind1=" " ind2=" ">
    <subfield code="a">Rapagnani, G.</subfield>
  </datafield>
  <datafield tag="773" ind1=" " ind2=" ">
    <subfield code="t">EPOS-ORFEUS Workshop, Lisbon</subfield>
  </datafield>
  <datafield tag="856" ind1="0" ind2=" ">
    <subfield code="f">michel.vancamp@observatoire.be</subfield>
  </datafield>
  <datafield tag="980" ind1=" " ind2=" ">
    <subfield code="a">CPOSTER</subfield>
  </datafield>
</record>
</collection>